| 000 | 01407nam a2200433 i 4500 | ||
|---|---|---|---|
| 001 | 41896 | ||
| 003 | KOSZ 005 | ||
| 005 | 20240405063137.0 | ||
| 008 | 021122s2002 pl a |000 0 pol | ||
| 015 | _aPB 2002/19336 | ||
| 020 | _a8372850933 | ||
| 035 | _a(OCoLC)749318403 | ||
| 040 |
_aWA N _cWA N _dKOSZ 005/HR |
||
| 041 | 0 | _apol | |
| 046 | _k2002 | ||
| 080 | _a336.14(438)"1989/..." | ||
| 080 | _a336.14(1-775)"1989/..." | ||
| 100 | 1 |
_aCiak, Jolanta. _eAutor |
|
| 245 | 1 | 0 |
_aPolityka budżetowa / _cJolanta Ciak. |
| 260 |
_aToruń : _bTNOiK - Towarzystwo Naukowe Organizacji i Kierownictwa "Dom Organizatora", _c2002. |
||
| 300 |
_a203, [5] s. : _bil. ; _c24 cm. |
||
| 336 |
_2rdacontent _aTekst _btxt |
||
| 337 |
_2rdamedia _aBez urządzenia pośredniczącego _bn |
||
| 338 |
_2rdacarrier _aWolumin _bnc |
||
| 380 | _aKsiążki. | ||
| 388 | _a2001- | ||
| 504 | _aBibliogr., wykaz źródeł prawa. | ||
| 648 | 4 | _a2001- | |
| 648 | 4 | _a1901-2000 | |
| 648 | 4 | _a1989-2000 | |
| 650 | 4 | _aFinanse publiczne | |
| 651 | 4 | _aPolska | |
| 658 | _aGospodarka, ekonomia, finanse | ||
| 658 | _aPolityka, politologia, administracja publiczna | ||
| 651 | 4 | _aKraje rozwinięte | |
| 650 | 4 | _aBudżet państwa | |
| 856 |
_uhttp://koha.tu.koszalin.pl/cgi-bin/koha/opac-detail.pl?biblionumber=41896 _yKatalog online BPK |
||
| 942 |
_2UKD _cKS |
||
| 999 |
_c41896 _d41896 |
||